| 000 | 01079cam a22002054a 4500 | ||
|---|---|---|---|
| 005 | 20250605164103.0 | ||
| 008 | 250528s ||||||||||||||||||||||||d | ||
| 035 | _a17639 | ||
| 020 | _a9780321591807 | ||
| 040 |
_aGR-AtMCL _bgre _dGR-AtMCL _eAACR2 |
||
| 245 | 1 | _aPractical Intrusion Analysis / Prevention and Detection for the Twenty-First Century | |
| 250 | _a1st | ||
| 260 |
_bAddison-Wesley Publishing Company, _c2010 |
||
| 300 | _a456 | ||
| 520 | _aThe only definitive guide to New-State-of-the-Art techniques in intrusion detection and prevention. Preface, Network Overview, Infrastructure Monitoring, Intrusion Detection Systems, Lifecycle of a Vulnerability, Proactive Intrusion Prevention and Response Via Attack Graphs, Network Flows and Anomaly Detection, Web Application Firewalls, Wireless IDS/IPS, Physical Intrusion Detection for IT, Geospatial Intrusion Detection, Visual Data Communications, Return on Investment: Business Justification, Bro Installation Guide, Index. | ||
| 700 | 1 |
_aTrost Ryan _93826 |
|
| 942 | _cBK | ||
| 999 |
_c3041 _d3041 |
||